RESEARCH METHODOLOGY (Record no. 25846)

MARC details
000 -LEADER
fixed length control field 00324nam a22001457a 4500
003 - CONTROL NUMBER IDENTIFIER
control field SGT
020 ## - INTERNATIONAL STANDARD BOOK NUMBER
International Standard Book Number 978-93-89802-559
082 ## - DEWEY DECIMAL CLASSIFICATION NUMBER
Classification number 300.72
Item number KOT
100 ## - MAIN ENTRY--PERSONAL NAME
Personal name KOTHARI, C.R.
245 ## - TITLE STATEMENT
Title RESEARCH METHODOLOGY
260 ## - PUBLICATION, DISTRIBUTION, ETC. (IMPRINT)
Place of publication, distribution, etc INIDA
Name of publisher, distributor, etc NEW AGE
Year of Publication 2024
300 ## - PAGE DESCRIPTION
No. of Pages 464
650 ## - SUBJECT ADDED ENTRY--TOPICAL TERM
Topical term or geographic name as entry element RESEARCH METHODOLOGY
942 ## - ADDED ENTRY ELEMENTS (KOHA)
Source of classification or shelving scheme Dewey Decimal Classification
Koha item type Books
942 ## - ADDED ENTRY ELEMENTS (KOHA)
-- 19
Holdings
Withdrawn status Lost status Source of classification or shelving scheme Damaged status Not for loan Collection code Home library Current library Shelving location Date acquired Vendor Name Cost, normal purchase price SGTU Bill Number Full call number Accession No. (Barcode) Date last seen Bill Date Koha item type Total Checkouts Total Renewals Date last borrowed
    Dewey Decimal Classification   Not For Loan HOTEL MANAGEMENT SGT Science & Social Sciences Library SGT Science & Social Sciences Library Reference Book 02/04/2024 BIRJWASI 499.00 SGTU BW/000131 300.72 KOT HM1301 02/04/2024   Books      
    Dewey Decimal Classification     HOTEL MANAGEMENT SGT Science & Social Sciences Library SGT Science & Social Sciences Library Text Book 02/04/2024 BIRJWASI 499.00 SGTU BW/000131 300.72 KOT HM1302 03/10/2024   Books 3 1 10/09/2024
    Dewey Decimal Classification     HOTEL MANAGEMENT SGT Science & Social Sciences Library SGT Science & Social Sciences Library Text Book 02/04/2024 BIRJWASI 499.00 SGTU BW/000131 300.72 KOT HM1303 20/01/2025   Books 9 1 30/12/2024
    Dewey Decimal Classification     HOTEL MANAGEMENT SGT Science & Social Sciences Library SGT Science & Social Sciences Library Text Book 02/04/2024 BIRJWASI 499.00 SGTU BW/000131 300.72 KOT HM1304 21/08/2024   Books 2   09/08/2024
    Dewey Decimal Classification     HOTEL MANAGEMENT SGT Science & Social Sciences Library SGT Science & Social Sciences Library Text Book 02/04/2024 BIRJWASI 499.00 SGTU BW/000131 300.72 KOT HM1305 09/03/2026   Books 7   24/02/2026